| 000 | 00896nam a2200253Ia 4500 | ||
|---|---|---|---|
| 003 | OSt | ||
| 005 | 20220925213935.0 | ||
| 006 | a|||||r|||| 00| 0 | ||
| 007 | ta | ||
| 008 | 220923b |||||||| |||| 00| 0 eng d | ||
| 020 |
_a9780801478338 _c1074.9300000000001 |
||
| 037 |
_bG-4580/13-14, 20/03/2014, Manohar Publishers & Distributors _cGeneral Book |
||
| 040 |
_aRTL _cRTL _beng |
||
| 041 |
_2eng _aeng |
||
| 082 | _aX9(KZ332).7326, Q2 | ||
| 100 |
_aHARRISON Jill Ann _9279215 |
||
| 245 | 0 |
_aBuoyancy on the bayou _bShrimpers face the rising tide of globalization. |
|
| 260 |
_aLondon _bCornell University Press _c2012 |
||
| 300 |
_ax,185p. _ccm. |
||
| 500 | _aAppendix: p 331-345 | ||
| 650 | _aSociology | ||
| 942 |
_hX9(KZ332).7326, Q2 _cGB _2CC |
||
| 999 |
_c564059 _d564059 |
||